[Event "Turkish Super League 2019"]
[Site "Konya"]
[Date "2019.07.23"]
[Round "7"]
[White "Rozum, Ivan"]
[Black "Haznedaroglu, Kivanc"]
[Result "1-0"]
[WhiteElo "2583"]
[BlackElo "2448"]
[Annotator "ChessBase"]
[PlyCount "99"]
[EventDate "2019.07.17"]
[EventType "team-tourn"]
[EventCountry "TUR"]
[SourceTitle "playchess.com"]
[Source "ChessBase"]
[SourceQuality "1"]
[TimeControl "40/5400+30:1800+30"]

1. Nf3 Nf6 2. c4 e6 3. Nc3 d5 4. e3 Be7 5. b3 O-O 6. Bb2 b6 7. cxd5 exd5 8. d4 c5 9. Be2 Bb7 10. O-O Nbd7 11. Ne5 cxd4 12. exd4 Ne4 13. Nxe4 dxe4 14. Bc4 Nxe5 15. dxe5 Qxd1 16. Raxd1 Rfd8 17. Bc1 Kf8 18. Be3 Rxd1 19. Rxd1 Rd8 20. Rd4 Bc6 21. a4 Re8 22. Bb5 Bxb5 23. axb5 Bc5 24. Rxe4 Bxe3 25. Rxe3 Rc8 26. f4 Rc5 27. Kf2 Rxb5 28. Rc3 g5 29. Kf3 Ke7 30. g3 gxf4 31. gxf4 f6 32. Ke4 fxe5 33. fxe5 a5 34. Kf5 h5 35. Rc7+ Kd8 36. Rc3 Ke7 37. Rh3 Rb4 38. Rxh5 {[%emt 1:41:47]} Rxb3 {[%emt 1:31:17]} 39. Rh7+ {[%emt 0:00:30]} Kf8 {[%emt 0:00:30]} 40. h4 {[%emt 0:00:30]} a4 {[%emt 0:00:30]} 41. h5 {[%emt 0:03:43]} a3 {[%emt 0:04:13]} 42. Ra7 {[%emt 0:03:30]} Rh3 {[%emt 0:00:30]} 43. Kg4 {[%emt 0:03:30]} Re3 {[%emt 0:00:30]} 44. h6 {[%emt 0:02:30]} Kg8 {[%emt 0:01:30]} 45. Kf4 {[%emt 0:01:30]} Re1 {[%emt 0:19:30]} 46. Rxa3 {[%emt 0:01:30]} Kh7 {[%emt 0:00:30]} 47. Rh3 {[%emt 0:01:30]} b5 {[%emt 0:00:30]} 48. Kf5 {[%emt 0:00:00]} Rf1+ {[%emt 0:01:30]} 49. Ke4 {[%emt 0:04:00]} Rb1 {[%emt 0:00:30]} 50. e6 {[%emt 0:00:30]} 1-0

[Event "Turkish Super League 2019"]
[Site "Konya"]
[Date "2019.07.23"]
[Round "7"]
[White "Romanov, Evgeny"]
[Black "Kravtsiv, Martyn"]
[Result "1/2-1/2"]
[WhiteElo "2582"]
[BlackElo "2628"]
[Annotator "ChessBase"]
[PlyCount "60"]
[EventDate "2019.07.17"]
[EventType "team-tourn"]
[EventCountry "TUR"]
[SourceTitle "playchess.com"]
[Source "ChessBase"]
[SourceQuality "1"]
[TimeControl "40/5400+30:1800+30"]

1. Nf3 d5 2. b3 Nf6 3. Bb2 e6 4. e3 Be7 5. g4 Nxg4 6. Bxg7 Rg8 7. Bb2 Bh4 8. Nxh4 Qxh4 9. Qf3 {[%emt 0:41:30]} Nxh2 {[%emt 0:58:30]} 10. Qh3 {[%emt 0:18:30]} Qxh3 {[%emt 0:00:30]} 11. Bxh3 {[%emt 0:00:30]} Nf3+ {[%emt 0:00:30]} 12. Kf1 {[%emt 0:00:30]} Nc6 {[%emt 0:04:30]} 13. Bg2 {[%emt 0:06:30]} Ne1 {[%emt 0:00:30]} 14. Kxe1 {[%emt 0:00:30]} Rxg2 {[%emt 0:00:30]} 15. Rxh7 {[%emt 0:00:30]} b6 {[%emt 0:11:30]} 16. d3 {[%emt 0:06:30]} Ke7 {[%emt 0:11:24]} 17. Ba3+ {[%emt 0:03:30]} Kf6 {[%emt 0:00:25]} 18. Kf1 {[%emt 0:00:46]} Rg7 {[%emt 0:00:51]} 19. Rxg7 {[%emt 0:06:11]} Kxg7 {[%emt 0:00:01]} 20. Nc3 {[%emt 0:00:00]} Ba6 {[%emt 0:00:27]} 21. Ke2 {[%emt 0:01:24]} f6 {[%emt 0:00:33]} 22. Rg1+ {[%emt 0:03:46]} Kf7 {[%emt 0:00:30]} 23. Rh1 {[%emt 0:00:00]} Rg8 {[%emt 0:00:00]} 24. Rh7+ {[%emt 0:00:26]} Rg7 {[%emt 0:00:00]} 25. Rh8 {[%emt 0:01:07]} Rg8 {[%emt 0:00:01]} 26. Rh7+ {[%emt 0:00:18]} Rg7 {[%emt 0:00:02]} 27. Rh8 {[%emt 0:00:52]} Rg8 {[%emt 0:00:30]} 28. Rh7+ {[%emt 0:00:30]} Rg7 {[%emt 0:00:00]} 29. Rh8 {[%emt 0:00:00]} Rg8 {[%emt 0:00:02]} 30. Rh7+ {[%emt 0:00:22]} Rg7 {[%emt 0:00:00]} 1/2-1/2

[Event "Turkish Super League 2019"]
[Site "Konya"]
[Date "2019.07.23"]
[Round "7"]
[White "Dastan, Muhammed Batuhan"]
[Black "Nihal Sarin"]
[Result "1/2-1/2"]
[WhiteElo "2565"]
[BlackElo "2610"]
[Annotator "ChessBase"]
[PlyCount "95"]
[EventDate "2019.07.17"]
[EventType "team-tourn"]
[EventCountry "TUR"]
[SourceTitle "playchess.com"]
[Source "ChessBase"]
[SourceQuality "1"]
[TimeControl "40/5400+30:1800+30"]

1. e4 c5 2. Nf3 d6 3. d4 cxd4 4. Nxd4 Nf6 5. Nc3 Nc6 6. f3 e5 7. Nb3 Be7 8. Be3 Be6 9. Qe2 Qc8 10. O-O-O O-O 11. a3 Rb8 12. Kb1 b5 13. Nd5 Bd8 14. Nxf6+ Bxf6 15. Rxd6 Qc7 16. Rd1 a5 17. Nc5 Nd4 18. Bxd4 exd4 19. Nxe6 fxe6 20. g3 a4 21. e5 Bxe5 22. f4 Bf6 23. Qxe6+ Kh8 24. Bd3 b4 25. axb4 Rxb4 26. Kc1 Rb6 27. Qf5 g6 28. Qa5 {[%emt 1:43:45]} Rfb8 {[%emt 1:30:25]} 29. Rhe1 {[%emt 0:00:30]} Qc6 {[%emt 0:00:30]} 30. Be4 {[%emt 0:00:30]} Qd7 {[%emt 0:00:30]} 31. Qd5 {[%emt 0:00:30]} Qg7 {[%emt 0:03:50]} 32. Kd2 {[%emt 0:00:00]} Rxb2 {[%emt 0:03:33]} 33. Bd3 {[%emt 0:00:00]} Be7 {[%emt 0:02:20]} 34. Re6 {[%emt 0:00:15]} a3 {[%emt 0:01:21]} 35. Ke2 {[%emt 0:00:05]} Rd8 {[%emt 0:01:41]} 36. Qe4 {[%emt 0:01:31]} Bf8 {[%emt 0:00:41]} 37. Ra6 {[%emt 0:00:34]} Rb7 {[%emt 0:00:46]} 38. Kf3 {[%emt 0:00:18]} Ra7 {[%emt 0:00:58]} 39. Rxa7 {[%emt 0:01:17]} Qxa7 {[%emt 0:00:01]} 40. Qe6 {[%emt 0:00:00]} Qd7 {[%emt 0:00:00]} 41. Qxd7 {[%emt 0:08:15]} Rxd7 {[%emt 0:02:54]} 42. Bc4 {[%emt 0:00:00]} Ra7 {[%emt 0:07:30]} 43. Ba2 {[%emt 0:03:00]} Rc7 {[%emt 0:00:30]} 44. Rxd4 {[%emt 0:00:00]} Rxc2 {[%emt 0:00:30]} 45. Rd8 {[%emt 0:00:00]} Rxa2 {[%emt 0:00:30]} 46. Rxf8+ {[%emt 0:00:30]} Kg7 {[%emt 0:00:30]} 47. Ra8 {[%emt 0:00:00]} Rxh2 {[%emt 0:00:30]} 48. Rxa3 {[%emt 0:00:00]} 1/2-1/2

[Event "Turkish Super League 2019"]
[Site "Konya"]
[Date "2019.07.23"]
[Round "7"]
[White "Heberla, Bartlomiej"]
[Black "Gulbas, Cemil"]
[Result "1-0"]
[WhiteElo "2534"]
[BlackElo "2380"]
[Annotator "ChessBase"]
[PlyCount "39"]
[EventDate "2019.07.17"]
[EventType "team-tourn"]
[EventCountry "TUR"]
[SourceTitle "playchess.com"]
[Source "ChessBase"]
[SourceQuality "1"]
[TimeControl "40/5400+30:1800+30"]

1. d4 Nf6 2. c4 c5 3. d5 b5 4. Qc2 g6 5. e4 Bg7 6. Nf3 O-O 7. cxb5 a6 8. Nc3 d6 9. a4 e6 10. dxe6 fxe6 11. Bg5 {[%emt 0:50:30]} Qa5 {[%emt 0:50:30]} 12. Bd2 {[%emt 0:01:30]} Qd8 {[%emt 0:03:30]} 13. e5 {[%emt 0:02:30]} Nd5 {[%emt 0:03:30]} 14. exd6 {[%emt 0:10:30]} Nb4 {[%emt 0:10:30]} 15. Qe4 {[%emt 0:09:30]} Ra7 {[%emt 0:00:30]} 16. Bc4 {[%emt 0:02:30]} Qxd6 {[%emt 0:15:49]} 17. O-O {[%emt 0:01:30]} Rxf3 {[%emt 0:06:37]} 18. Qxf3 {[%emt 0:00:30]} Qxd2 {[%emt 0:00:06]} 19. Rad1 {[%emt 0:00:30]} Qg5 {[%emt 0:00:05]} 20. Qg3 {[%emt 0:00:00]} 1-0

[Event "Turkish Super League 2019"]
[Site "Konya"]
[Date "2019.07.23"]
[Round "7"]
[White "Rasulov, Vugar"]
[Black "Rakhmanov, Aleksandr"]
[Result "1/2-1/2"]
[WhiteElo "2534"]
[BlackElo "2615"]
[Annotator "RC"]
[PlyCount "160"]
[EventDate "2019.07.17"]
[EventType "team-tourn"]
[EventCountry "TUR"]
[SourceTitle "playchess.com"]
[Source "ChessBase"]
[SourceQuality "1"]
[TimeControl "40/5400+30:1800+30"]

1. e4 e5 2. Nf3 Nf6 3. Nxe5 d6 4. Nf3 Nxe4 5. d4 d5 6. Bd3 Bf5 7. O-O Be7 8. Re1 O-O 9. Nbd2 Nd6 10. Nf1 c6 11. Ng3 Bxd3 12. Qxd3 Na6 13. Bf4 Nc7 14. Nf5 Nxf5 15. Bxc7 Qxc7 16. Qxf5 g6 17. Qd3 Bf6 18. c3 Rfe8 19. g3 Kg7 20. Kg2 h5 21. h4 Qd6 22. Re2 Rxe2 23. Qxe2 Qe7 24. Qxe7 Bxe7 25. Re1 Bd6 26. Re2 a5 27. Ne1 f6 28. Nd3 Kf7 29. Kf3 b6 30. Nf4 Rc8 31. Ng2 Bf8 32. Nf4 Bh6 33. Re1 Bf8 34. Re2 Bh6 35. Re1 Rd8 36. Re2 Rd7 37. Re1 Rd8 38. Re2 Rb8 39. Re1 Ra8 40. Re2 Rb8 41. Re1 Bxf4 42. Kxf4 c5 43. f3 cxd4 44. cxd4 Rc8 45. Re3 Rc4 46. Rd3 b5 47. Rd2 Rc1 48. Rd3 Rc4 49. g4 hxg4 50. fxg4 a4 51. b3 axb3 52. axb3 Rc1 53. Rd2 Re1 54. Kf3 Re4 {[%emt 2:09:17]} 55. Kg3 {[%emt 1:12:30]} Ke6 {[%emt 0:04:42]} 56. b4 {[%emt 0:04:30]} f5 {[%emt 0:11:24]} 57. gxf5+ {[%emt 0:00:30]} gxf5 {[%emt 0:00:22]} 58. Rd3 {[%emt 0:05:30]} Rg4+ {[%emt 0:01:21]} 59. Kh3 {[%emt 0:00:00]} Kf6 {[%emt 0:00:00]} 60. Rd2 {[%emt 0:01:00]} Rf4 {[%emt 0:01:11]} 61. Rd3 {[%emt 0:01:30]} Re4 {[%emt 0:00:17]} 62. Rd2 {[%emt 0:06:30]} Re3+ {[%emt 0:00:30]} 63. Kh2 {[%emt 0:00:00]} f4 {[%emt 0:00:08]} 64. Rg2 {[%emt 0:00:00]} Kf5 {[%emt 0:00:23]} 65. h5 {[%emt 0:01:30]} Re8 {[%emt 0:01:22]} 66. Kh3 {[%emt 0:01:30]} f3 {[%emt 0:00:44]} 67. Rg7 {[%emt 0:00:30]} Kf4 {[%emt 0:00:22]} 68. h6 {[%emt 0:00:30]} Re6 {[%emt 0:01:44]} 69. Rf7+ {[%emt 0:00:30]} Ke3 {[%emt 0:00:00]} 70. h7 {[%emt 0:00:00]} Rh6+ {[%emt 0:00:28]} 71. Kg3 {[%emt 0:00:00]} f2 {[%emt 0:00:23]} 72. Re7+ {[%emt 0:00:30]} Kxd4 {[%emt 0:00:06]} 73. Kxf2 {[%emt 0:00:00]} Kc4 {[%emt 0:00:25]} 74. Ke3 {[%emt 0:02:00]} Kxb4 {[%emt 0:00:17]} 75. Kd4 {[%emt 0:00:30]} Rh5 {[%emt 0:00:15]} 76. Rb7 {[%emt 0:00:00]} Ka4 {[%emt 0:01:14]} 77. Kc5 {[%emt 0:01:00]} d4+ {[%emt 0:00:59]} 78. Kxd4 {[%emt 0:00:30]} b4 {[%emt 0:00:00]} 79. Kc4 {[%emt 0:01:30]} Rh4+ {[%emt 0:00:20]} 80. Kc5 {[%emt 0:00:30]} Rh5+ {[%emt 0:01:01]} 1/2-1/2

[Event "Turkish Super League 2019"]
[Site "Konya"]
[Date "2019.07.23"]
[Round "7"]
[White "Ali Marandi, Cemil Can"]
[Black "Tarlabasi, Emirhan"]
[Result "1-0"]
[WhiteElo "2527"]
[BlackElo "2352"]
[Annotator "ChessBase"]
[PlyCount "119"]
[EventDate "2019.07.17"]
[EventType "team-tourn"]
[EventCountry "TUR"]
[SourceTitle "playchess.com"]
[Source "ChessBase"]
[SourceQuality "1"]
[TimeControl "40/5400+30:1800+30"]

1. d4 d5 2. c4 e6 3. Nf3 Nf6 4. Bg5 Be7 5. Qc2 O-O 6. e3 Nbd7 7. Nc3 h6 8. h4 c5 9. Bxf6 Nxf6 10. O-O-O Qa5 11. Ne5 cxd4 12. exd4 Bb4 13. Rh3 Bxc3 14. Rxc3 dxc4 15. g4 Nd5 16. Ra3 Qd8 17. Bxc4 Qxh4 18. Kb1 b5 19. Bxd5 exd5 20. Rg1 Qg5 21. Rh3 Qf4 22. Re3 Be6 23. Qd2 Rac8 24. Re2 Qxd2 25. Rxd2 f6 26. Nd3 Bf7 27. Nc5 Rfe8 28. a3 Re7 29. Rg3 Re1+ 30. Ka2 Bg6 31. a4 bxa4 {[%emt 1:44:57]} 32. Nxa4 {[%emt 1:28:05]} Bb1+ {[%emt 0:00:30]} 33. Ka3 {[%emt 0:00:30]} Bc2 {[%emt 0:00:30]} 34. b3 {[%emt 0:00:30]} Bg6 {[%emt 0:00:30]} 35. Rc3 {[%emt 0:00:30]} Rc1 {[%emt 0:00:30]} 36. Rxc8+ {[%emt 0:00:30]} Rxc8 {[%emt 0:00:30]} 37. Nc5 {[%emt 0:00:30]} Re8 {[%emt 0:00:30]} 38. Kb4 {[%emt 0:00:30]} Re7 {[%emt 0:00:30]} 39. Ra2 {[%emt 0:00:29]} Bb1 {[%emt 0:00:30]} 40. Ra6 {[%emt 0:00:00]} Kf7 {[%emt 0:00:00]} 41. f3 {[%emt 0:03:56]} Bc2 {[%emt 0:04:33]} 42. Ra1 {[%emt 0:01:30]} Bg6 {[%emt 0:03:30]} 43. Kb5 {[%emt 0:02:30]} h5 {[%emt 0:06:05]} 44. Kc6 {[%emt 0:02:30]} hxg4 {[%emt 0:01:59]} 45. fxg4 {[%emt 0:00:00]} Be4 {[%emt 0:09:34]} 46. Nxe4 {[%emt 0:01:00]} dxe4 {[%emt 0:04:35]} 47. d5 {[%emt 0:00:30]} e3 {[%emt 0:00:00]} 48. d6 {[%emt 0:01:30]} Re5 {[%emt 0:02:59]} 49. Rxa7+ {[%emt 0:07:30]} Kg6 {[%emt 0:01:24]} 50. d7 {[%emt 0:00:30]} e2 {[%emt 0:00:11]} 51. Ra1 {[%emt 0:00:00]} Re6+ {[%emt 0:00:46]} 52. Kc7 {[%emt 0:00:00]} e1=Q {[%emt 0:01:08]} 53. Rxe1 {[%emt 0:00:30]} Rxe1 {[%emt 0:00:18]} 54. d8=Q {[%emt 0:00:00]} Re5 {[%emt 0:00:27]} 55. b4 {[%emt 0:00:00]} Kg5 {[%emt 0:00:49]} 56. Qd7 {[%emt 0:00:30]} g6 {[%emt 0:00:09]} 57. b5 {[%emt 0:00:00]} f5 {[%emt 0:01:03]} 58. gxf5 {[%emt 0:00:00]} gxf5 {[%emt 0:00:00]} 59. b6 {[%emt 0:00:30]} Rc5+ {[%emt 0:00:00]} 60. Kd8 {[%emt 0:00:00]} 1-0

[Event "Turkish Super League 2019"]
[Site "Konya"]
[Date "2019.07.23"]
[Round "7"]
[White "Visakh N R"]
[Black "Can, Emre"]
[Result "1/2-1/2"]
[WhiteElo "2526"]
[BlackElo "2595"]
[Annotator "ChessBase"]
[PlyCount "91"]
[EventDate "2019.07.17"]
[EventType "team-tourn"]
[EventCountry "TUR"]
[SourceTitle "playchess.com"]
[Source "ChessBase"]
[SourceQuality "1"]
[TimeControl "40/5400+30:1800+30"]

1. d4 Nf6 2. c4 c5 3. d5 e6 4. Nc3 exd5 5. cxd5 d6 6. e4 g6 7. Nge2 Bg7 8. Ng3 O-O 9. Be2 Na6 10. O-O Nc7 11. Bg5 h6 12. Be3 a6 13. Qd2 Kh7 14. f4 Re8 15. Rad1 b5 16. e5 Ng4 17. Bxg4 Bxg4 18. Rde1 dxe5 19. d6 Ne6 20. fxe5 Bxe5 21. Rxf7+ Kg8 22. Ref1 Ng5 23. Bxg5 Qxg5 24. Qxg5 hxg5 25. Nd5 Bxd6 26. Rb7 Be5 27. Ne7+ Kg7 28. Nc6+ Kg8 29. Nxe5 Rxe5 30. Rf6 Bf5 31. Nxf5 Rxf5 32. Rxg6+ Kf8 33. h3 c4 34. Rh7 Rc5 35. Rh8+ Kf7 36. Rxa8 Kxg6 37. Rxa6+ Kf5 {[%emt 1:29:51]} 38. Ra5 {[%emt 1:43:24]} Re5 {[%emt 0:00:30]} 39. Kf2 {[%emt 0:00:30]} Ke4 {[%emt 0:00:38]} 40. a4 {[%emt 0:00:00]} bxa4 {[%emt 0:00:40]} 41. Rxa4 {[%emt 0:05:36]} Kd3 {[%emt 0:00:51]} 42. Ra3+ {[%emt 0:00:30]} Kd4 {[%emt 0:00:30]} 43. Rc3 {[%emt 0:05:30]} Re8 {[%emt 0:06:30]} 44. Rc2 {[%emt 0:04:30]} Kd3 {[%emt 0:01:30]} 45. Rc3+ {[%emt 0:00:00]} Kd4 {[%emt 0:00:00]} 46. Rc2 {[%emt 0:01:00]} 1/2-1/2

[Event "Turkish Super League 2019"]
[Site "Konya"]
[Date "2019.07.23"]
[Round "7"]
[White "Moiseenko, Vadim"]
[Black "Ivanchuk, Vassily"]
[Result "0-1"]
[WhiteElo "2523"]
[BlackElo "2684"]
[Annotator "TA"]
[PlyCount "56"]
[EventDate "2019.07.17"]
[EventType "team-tourn"]
[EventCountry "TUR"]
[SourceTitle "playchess.com"]
[Source "ChessBase"]
[SourceQuality "1"]

{[%evp 9,56,25,23,20,28,20,30,-38,-43,-41,-18,-39,-37,-52,-60,-127,-127,-122,-101,-138,-138,-161,-165,-149,-98,-192,-114,-153,-153,-147,-116,-213,-146,-198,-181,-218,-222,-197,-211,-669,-656,-711,-444,-802,-803,-906,-754,-1240,-1234]} 1. e4 e5 2. Nf3 Nc6 3. Bc4 Bc5 4. d3 d6 5. Ng5 Nh6 6. c3 {C50: Hungarian Defence and Giuoco Pianissimo} O-O 7. h3 Kh8 8. g4 $146 {[#]} (8. a4 $11) ({Predecessor:} 8. Qh5 Qf6 9. Nf3 Qg6 10. Qg5 f6 11. Qxg6 hxg6 12. Be3 Bxe3 13. fxe3 Na5 {0-1 (28) Perez Aguado,S (1691)-Santianes,N (1867) Buenos Aires 2011}) 8... Be6 $1 $40 {[%mdl 640] White needs to defend precisely.} 9. Bb3 $1 (9. Bxe6 fxe6) 9... Bxb3 (9... Ng8 {is interesting.} 10. O-O Bxb3 11. axb3 a5 12. Na3 d5) 10. axb3 a5 11. Na3 Qd7 12. Nf3 {[#]} (12. O-O $15) 12... f5 $1 $17 {[%cal Rf5g4][%mdl 512]} 13. gxf5 {[#]} (13. exf5 Nxf5) 13... Nxf5 $1 {[%mdl 512] Hoping for ...Bxf2+!} 14. Rh2 (14. exf5 Qxf5) 14... d5 15. Ng5 h6 16. Qg4 hxg5 (16... Bxa3 $142 17. exf5 Bd6) 17. h4 {[#]} (17. Bxg5 $17 {keeps fighting.} d4 18. exf5 Rxf5 19. Bd2) 17... gxh4 (17... Nb4 $1 $19 18. cxb4 Bxb4+ 19. Bd2 dxe4 20. hxg5+ Kg8) 18. exf5 Qxf5 19. Qxh4+ Kg8 20. Nb5 (20. Bd2 $17 {is a better defense.}) 20... Rac8 21. Bd2 (21. Qh8+ $17 {might work better.} Kf7 22. Qh3 Qxh3 23. Rxh3) 21... Rf6 $19 ({Much less strong is} 21... Qxd3 22. O-O-O $17) 22. Ra4 {intending Rg4.} Rcf8 23. Qh8+ Kf7 24. Qh4 $2 (24. Qh5+ Qxh5 25. Rxh5) 24... Qxd3 {Black is clearly winning.} 25. Nxc7 Bb6 26. Qg4 (26. Qh5+ $142 Rg6 27. Rh3 Qb1+ {[%mdl 64] Double Attack} 28. Ke2 Bxc7 29. Rg4) 26... Bxc7 27. Qd7+ {[#]} Ne7 $1 ({Wrong is} 27... Kg8 $2 28. Rah4 $16) 28. Qxc7 Rg6 {Accuracy: White = 14%, Black = 78%.} 0-1

[Event "Turkish Super League 2019"]
[Site "Konya"]
[Date "2019.07.23"]
[Round "7"]
[White "Annaberdiev, Meilis"]
[Black "Mchedlishvili, Mikheil"]
[Result "1/2-1/2"]
[WhiteElo "2515"]
[BlackElo "2571"]
[Annotator "ChessBase"]
[PlyCount "83"]
[EventDate "2019.07.17"]
[EventType "team-tourn"]
[EventCountry "TUR"]
[SourceTitle "playchess.com"]
[Source "ChessBase"]
[SourceQuality "1"]
[TimeControl "40/5400+30:1800+30"]

1. c4 e5 2. g3 Nc6 3. Bg2 f5 4. Nc3 Nf6 5. e3 d5 6. cxd5 Nb4 7. d3 c6 8. a3 Nbxd5 9. Nge2 Be6 10. O-O Bd6 11. e4 fxe4 12. Nxe4 Nxe4 13. dxe4 Nf6 14. Qc2 Qe7 15. Kh1 O-O 16. f3 Nd7 17. Be3 Bc5 18. Bd2 a5 19. Rae1 a4 20. f4 Nf6 21. h3 Bb3 22. Qc1 Rad8 23. fxe5 Qxe5 24. Rf5 Qe7 25. Bg5 Bb6 26. e5 Qd7 27. g4 Nd5 28. Bxd8 Rxd8 29. Nf4 Nxf4 30. Qxf4 Be6 31. Rf1 Bxf5 32. gxf5 Qd4 {[%emt 1:29:57]} 33. Qg3 {[%emt 1:44:38]} Qe3 {[%emt 0:00:30]} 34. Bf3 {[%emt 0:00:30]} Qd3 {[%emt 0:00:30]} 35. Qg2 {[%emt 0:01:11]} Kh8 {[%emt 0:05:48]} 36. e6 {[%emt 0:00:30]} Bc5 {[%emt 0:04:29]} 37. Be4 {[%emt 0:00:07]} Qd2 {[%emt 0:01:07]} 38. Qxd2 {[%emt 0:00:51]} Rxd2 {[%emt 0:00:30]} 39. Rc1 {[%emt 0:00:00]} Be7 {[%emt 0:00:51]} 40. Rc4 {[%emt 0:00:00]} g6 {[%emt 0:00:00]} 41. fxg6 {[%emt 0:08:43]} hxg6 {[%emt 0:01:48]} 42. Bxg6 {[%emt 0:05:27]} 1/2-1/2

[Event "Turkish Super League 2019"]
[Site "Konya"]
[Date "2019.07.23"]
[Round "7"]
[White "Lobanov, Sergei"]
[Black "Ozen, Deniz"]
[Result "1/2-1/2"]
[WhiteElo "2505"]
[BlackElo "2430"]
[Annotator "TA"]
[PlyCount "154"]
[EventDate "2019.07.17"]
[EventType "team-tourn"]
[EventCountry "TUR"]
[SourceTitle "playchess.com"]
[Source "ChessBase"]
[SourceQuality "1"]

{[%evp 13,154,15,11,0,28,14,19,7,0,19,26,33,51,7,11,0,5,-31,-21,-24,-10,-13,0,-45,-35,-29,-14,-119,-121,-125,-133,-112,-38,-49,-41,-57,-27,-29,-13,-24,-14,-11,-20,-24,-17,-39,-20,-21,-12,-10,0,0,0,0,0,0,2,0,0,0,6,6,6,1,6,6,6,6,15,0,0,0,29,20,30,15,69,65,66,9,10,13,11,16,14,8,8,8,8,0,0,0,0,0,0,0,0,0,0,0,0,0,29965,29968,29969,0,0,0,0,0,0,0,0,0,0,0,0,0,0,0,0,0,0,0,0,0,0,0,0,0,0,0,0,0,0,0,0,0,0,0,0,0,0]} 1. e4 e5 2. Nf3 Nf6 3. Nxe5 d6 4. Nf3 Nxe4 5. Nc3 Nxc3 6. dxc3 Be7 7. Be3 O-O 8. Qd2 {C42: Petroff Defence: 3 Nxe5 and unusual White 3rd moves} Nd7 9. O-O-O c6 10. h4 d5 11. Kb1 Nf6 12. Bd3 Bg4 $146 ({Predecessor:} 12... Re8 13. Ng5 h6 14. f3 c5 15. g4 c4 {1-0 (28) Aronian,L (2767)-Anand,V (2768) Saint Louis 2018}) 13. Rdg1 (13. h5 $5) 13... Ne4 14. Qe1 Nc5 15. Be2 Re8 16. Nd4 Bxe2 17. Qxe2 Bf6 (17... Bxh4 $2 18. Qh5 $18) 18. Qf3 Ne4 19. g4 c5 ({Much worse is} 19... Bxh4 $6 20. Qh3 $16 (20. Qf5 g6 $11)) 20. g5 (20. Nb3 $11) 20... Bxd4 $1 $17 ({Don't play} 20... cxd4 $6 21. gxf6 g6 22. cxd4 $11) 21. cxd4 cxd4 22. Bc1 Qc7 (22... Rc8 $17 {And now ...Qc7 would win.} 23. Rg2 Qb6) 23. Rg2 $1 $15 Rac8 24. Qd3 Qc4 25. Rd1 $1 Qb4 {Threatens to win with ...Nc3+.} 26. Qb3 $1 {[%cal Rb3b4]} Qxb3 27. axb3 Nc5 28. b4 Ne6 29. b3 Rc6 30. f4 g6 31. Rf2 Rec8 32. Bb2 Rb6 33. f5 gxf5 34. Rxf5 Rxb4 35. Rxd5 d3 36. R5xd3 Rxh4 37. Rd7 b5 38. Rxa7 Rh2 39. Rb7 Rhxc2 40. Rxb5 R2c5 41. Rxc5 (41. Rd5 {looks sharper.} R5c6 42. Rf5 Nc5 43. Rf6 Re6 44. Rxe6 fxe6 45. b4) 41... Rxc5 $11 {[%mdl 4096] Endgame KRB-KRN} 42. Bf6 h6 43. gxh6 Kh7 44. Rh1 Rb5 (44... Rf5 $11 45. Bc3 Rf3) 45. Kc2 $14 Rf5 46. Bc3 (46. Be7 $14) 46... Rf2+ $1 $11 47. Kd3 Rf3+ 48. Kc4 Rf4+ $1 49. Kd5 Rf3 50. Rc1 Nf4+ 51. Kc4 Ne2 52. Rc2 Rf4+ 53. Kc5 Rf5+ 54. Kc6 (54. Kb4 {is interesting.} Nxc3 55. Rxc3 Kxh6 56. Rg3 Rf6 57. Kc3) 54... Nxc3 55. Rxc3 Kxh6 {KR-KR} 56. b4 {b5 is the strong threat.} Rf6+ 57. Kc7 {Rc6 would kill now.} Rf4 $2 {[%mdl 8192]} (57... Rf5 $11) 58. b5 Rb4 {[#]} 59. b6 $2 (59. Rc5 $1 {mates} Kg6 60. b6 f5 61. b7 Kg5 62. Ra5 Kg4 {[#]} 63. Ra4 $1 {[%mdl 576] Promotion} Rxa4 64. b8=Q) 59... f5 {The position is equal.} 60. Rc5 Kg5 $1 61. Kc6 Kg4 $1 62. Rb5 Rc4+ $1 63. Kd7 {White threatens b7 and mate.} Rd4+ 64. Ke7 {Hoping for b7.} Re4+ $1 65. Kf7 Rd4 66. Ke7 Re4+ $1 67. Kf7 {White wants to mate with b7.} Rd4 68. b7 Rd8 $1 69. b8=Q Rxb8 70. Rxb8 {Intending Ke6 and mate. KR-KP} f4 71. Ke6 f3 72. Ke5 f2 73. Rf8 Kg3 74. Ke4 {Threatening mate with Ke3.} Kg2 75. Rg8+ Kh2 76. Rf8 Kg2 77. Rxf2+ Kxf2 {Accuracy: White = 58%, Black = 59%.} 1/2-1/2

[Event "Turkish Super League 2019"]
[Site "Konya"]
[Date "2019.07.23"]
[Round "7"]
[White "Asadli, Vugar"]
[Black "Gadimbayli, Abdulla"]
[Result "1/2-1/2"]
[WhiteElo "2502"]
[BlackElo "2414"]
[Annotator "ChessBase"]
[PlyCount "60"]
[EventDate "2019.07.17"]
[EventType "team-tourn"]
[EventCountry "TUR"]
[SourceTitle "playchess.com"]
[Source "ChessBase"]
[SourceQuality "1"]
[TimeControl "40/5400+30:1800+30"]

1. e4 e5 2. Nc3 Nf6 3. f4 d5 4. fxe5 Nxe4 5. Qf3 Nc6 6. Bb5 Bc5 7. Nxe4 dxe4 8. Qxe4 O-O 9. Bxc6 bxc6 10. Nf3 Be6 {[%emt 0:51:00]} 11. c3 {[%emt 0:47:30]} Bd5 {[%emt 0:00:30]} 12. Qe2 {[%emt 0:00:30]} Bb6 {[%emt 0:00:30]} 13. d4 {[%emt 0:01:30]} c5 {[%emt 0:05:30]} 14. dxc5 {[%emt 0:00:00]} Bxc5 {[%emt 0:00:00]} 15. Be3 {[%emt 0:01:00]} Bxe3 {[%emt 0:04:00]} 16. Qxe3 {[%emt 0:00:30]} Bxf3 {[%emt 0:00:30]} 17. Qxf3 {[%emt 0:01:30]} Qg5 {[%emt 0:00:30]} 18. O-O {[%emt 0:04:30]} Qxe5 {[%emt 0:03:30]} 19. Rad1 {[%emt 0:00:30]} Qe6 {[%emt 0:00:30]} 20. b3 {[%emt 0:00:30]} Rad8 {[%emt 0:02:30]} 21. Rfe1 {[%emt 0:00:30]} Rxd1 {[%emt 0:03:30]} 22. Rxd1 {[%emt 0:00:30]} Re8 {[%emt 0:00:30]} 23. h3 {[%emt 0:00:30]} g6 {[%emt 0:01:30]} 24. c4 {[%emt 0:02:30]} a5 {[%emt 0:00:30]} 25. Qd5 {[%emt 0:00:30]} Qe3+ {[%emt 0:00:30]} 26. Kh1 {[%emt 0:00:30]} Qe2 {[%emt 0:00:00]} 27. Qd2 {[%emt 0:00:30]} Qe5 {[%emt 0:00:00]} 28. Qd5 {[%emt 0:00:30]} Qe2 {[%emt 0:00:30]} 29. Qd2 {[%emt 0:00:30]} Qe5 {[%emt 0:00:00]} 30. Qd5 {[%emt 0:00:00]} Qe2 {[%emt 0:00:00]} 1/2-1/2